El Terremoto de 1986 en San Salvador: daños, repercusiones y ayuda requerida

Furkejuvvon:
Bibliográfalaš dieđut
Searvvušdahkki: CEPAL
Materiálatiipa: Texto
Almmustuhtton: México D.F.: CEPAL
Fáddágilkorat: Lasit fáddágilkoriid
Eai fáddágilkorat, Lasit vuosttaš fáddágilkora!

MARC

LEADER 00000 a a2200000 04500
001 22448
003
040 |a CRAI/IIS  |c CRAI/IIS 
090 |a 153000  
110 |a CEPAL  
245 |a El Terremoto de 1986 en San Salvador: daños, repercusiones y ayuda requerida  
260 |a México D.F.:   |b CEPAL  
300 |a 41 p.  
999 |c 4326  |d 4326